Name a Valid - General Knowledge - Statistics

General Stats
  • This quiz has been taken 1,365 times
  • The average score is 12 of 16
Answer Stats
Name a valid... Answer % Correct
Country ending in STAN Afghanistan | Kazakhstan | Kyrgyzstan | Pakistan | Tajikistan | Turkmenistan | Uzbekistan
100%
Body part with 3 letters eye | hip | arm | leg | ear | toe | jaw | rib | lip | gum
96%
Parent of Jesus Christ Mary | Joseph | God
95%
Colour of the rainbow red | orange | yellow | green | blue | indigo | violet
94%
US President after Richard Nixon Gerald Ford | Jimmy Carter | Ronald Reagan | George H. W. Bush | Bill Clinton | George W. Bush | Barack Obama | Donald Trump
88%
US State beginning with V Virginia | Vermont
88%
Top 5 ranked European university City Oxford | Zurich | Cambridge |London
85%
Artist with a painting in the top 5 most expensive paintings Leonardo da Vinci | Willem de Kooning | Paul Cezanne | Paul Gauguin | Jackson Pollock
80%
Footballer with over 100 UEFA Champions League goals Lionel Messi | Cristiano Ronaldo
76%
Music artists with 10 or more number 1 single Elvis Presley | The Beetles | Cliff Richard | Westlife | Madonna | Take That | Calvin Harris
73%
Egg-laying mammal platypus | echidna
70%
Animal with exactly 3 hearts squid | octopus
57%
Capital city beginning with PORT Porto-Novo | Port of Spain | Port-au-Prince | Port Vila | Port Moresby | Port Louis
54%
Monarch of England after Queen Victoria Edward VII | George V | Edward VIII | George VI | Elizabeth II
53%
Element in the Periodic Table with 11 letters Californium | Einsteinium | Mendelevium | Roentgenium
38%
Country with a yellow, white, red, blue, and green flag Central African Republic | Comoros | Namibia | Seychelles
25%
No matching quizzes found
Score Distribution
Percent of People with Each Score
Percentile by Number Answered
Your Score History
You have not taken this quiz